Juego de villanos: (Registro nro. 52128)
[ vista simple ]
| 000 -CABECERA | |
|---|---|
| campo de control de longitud fija | 01157nam a2200241 a 4500 |
| 003 - IDENTIFICADOR DEL NÚMERO DE CONTROL | |
| campo de control | DO-SdBNP |
| 005 - FECHA Y HORA DE LA ÚLTIMA TRANSACCIÓN | |
| campo de control | 20240412074310.0 |
| 007 - CAMPO FIJO DE DESCRIPCIÓN FÍSICA--INFORMACIÓN GENERAL | |
| campo de control de longitud fija | ta |
| 008 - DATOS DE LONGITUD FIJA--INFORMACIÓN GENERAL | |
| campo de control de longitud fija | 220701e2006 dr ||||er|||| 001 j spa d |
| 020 ## - NÚMERO INTERNACIONAL ESTÁNDAR DEL LIBRO | |
| Número Internacional Estándar del Libro | 9993358104 |
| 040 ## - FUENTE DE LA CATALOGACIÓN | |
| Centro catalogador/agencia de origen | DO-SdBNP |
| Lengua de catalogación | spa |
| Centro/agencia transcriptor | BNPHU |
| 082 #4 - NÚMERO DE LA CLASIFICACIÓN DECIMAL DEWEY | |
| Número de edición | 22 |
| Número de documento/Ítem | G216j |
| 100 1# - ENTRADA PRINCIPAL--NOMBRE DE PERSONA | |
| Nombre de persona | García, José Enrique, |
| Fechas asociadas al nombre | 1948- |
| 9 (RLIN) | 22487 |
| 245 ## - MENCIÓN DE TÍTULO | |
| Título | Juego de villanos: |
| Resto del título | cuentos. / |
| Mención de responsabilidad, etc. | José Enrique García |
| 260 ## - PUBLICACIÓN, DISTRIBUCIÓN, ETC. | |
| Lugar de publicación, distribución, etc. | Santo Domingo : |
| Nombre del editor, distribuidor, etc. | Centenario, |
| Fecha de publicación, distribución, etc. | 2006 |
| 300 ## - DESCRIPCIÓN FÍSICA | |
| Extensión | 173 p. ; |
| Dimensiones | 22 cm. |
| 500 ## - NOTA GENERAL | |
| Nota general | Incluye datos biográficos del autor en la solapas de las cubiertas. |
| 505 0# - NOTA DE CONTENIDO CON FORMATO | |
| Título | Estos Cuentos.-- |
| -- | Cenizas de Cuaresma.-- |
| -- | Emeterio Santo.-- |
| -- | Pesadilla del amanuence.-- |
| -- | Nacer nomás.-- |
| -- | La otra.-- |
| -- | Una historia, La Otra.-- |
| -- | Dos hombres.-- |
| -- | Bailarina de la noche.-- |
| -- | Una Historia.-- |
| -- | El señor Inoa.-- |
| -- | El Hoyo.-- |
| -- | Ya no llueve los Lunes.-- |
| -- | Oficio de ocioso.-- |
| -- | Juegos de villanos.-- |
| -- | Historia Deprisa.-- |
| -- | Humo de carne.-- |
| -- | Compañía.-- |
| -- | Sacrificio de las Cenizas.-- |
| -- | Conrado.- |
| -- | Los años muertos. |
| 650 #0 - PUNTO DE ACCESO ADICIONAL DE MATERIA--TÉRMINO DE MATERIA | |
| Término de materia o nombre geográfico como elemento de entrada | Literatura dominicana. |
| Subdivisión geográfica | República Dominicana |
| 9 (RLIN) | 67 |
| 650 #4 - PUNTO DE ACCESO ADICIONAL DE MATERIA--TÉRMINO DE MATERIA | |
| 9 (RLIN) | 79735 |
| Término de materia o nombre geográfico como elemento de entrada | Cuentos dominicano |
| 910 ## - DATOS DE OPCIÓN DEL USUARIO (OCLC) | |
| Datos de opción del usuario | MFeliz |
| 942 ## - ELEMENTOS DE PUNTO DE ACCESO ADICIONAL (KOHA) | |
| Fuente del sistema de clasificación o colocación | Dewey Decimal Classification |
| Tipo de ítem Koha | Libro |
| Estado de retiro | Estado de pérdida | Fuente del sistema de clasificación o colocación | Restricciones de uso | No para préstamo | Código de colección | Localización permanente | Ubicación/localización actual | Ubicación en estantería | Fecha de adquisición | Fuente de adquisición | Signatura topográfica completa | Código de barras | Fecha visto por última vez | Precio válido a partir de | Tipo de ítem Koha | Nota pública |
|---|---|---|---|---|---|---|---|---|---|---|---|---|---|---|---|---|
| Dewey Decimal Classification | Excluido de préstamo | Patrimonio Dominicano | Biblioteca Nacional Pedro Henríquez Ureña | Biblioteca Nacional Pedro Henríquez Ureña | En catalogación | 01.07.2018 | Donado por CERTV | G216j | 2022-3270 | 01.07.2022 | 01.07.2022 | Libro | Ejemplar autografiado |
